Loading...
| Science - Physics | 0 | 3 | 0 | 1 | 30 | 91 | 105.33 | 0 | 0 |
| Science - Chemistry | 1 | 1 | 1 | 0 | 20 | 45 | 57.00 | 0 | 1 |
| History - American History | 1 | 0 | 0 | 0 | 15 | 61 | 61.00 | 0 | 0 |
| Science - Biology | 0 | 1 | 0 | 0 | 10 | 87 | 87.00 | 0 | 0 |
| Social Science | 0 | 1 | 0 | 0 | 10 | 88 | 88.00 | 0 | 1 |
| Fine Arts - Visual Fine Arts | 0 | 1 | 0 | 0 | 10 | 81 | 81.00 | 0 | 1 |
| Philosophy | 0 | 1 | 0 | 0 | 10 | 62 | 62.00 | 1 | 1 |
| Science - Other Science | 0 | 1 | 0 | 0 | 10 | 54 | 54.00 | 0 | 1 |
| Fine Arts - Other Fine Arts | 0 | 1 | 0 | 0 | 10 | 120 | 120.00 | 0 | 0 |
| Literature - European Literature | 0 | 0 | 1 | 0 | -5 | 0.00 | 0 | 0 | |
| History - European History | 0 | 0 | 1 | 0 | -5 | 0.00 | 0 | 0 |